| 000 | 00894cab a2200217 4500 | ||
|---|---|---|---|
| 001 | ABS48152 | ||
| 008 | 090401t1993 xxu||||| |||| 00| 0 eng d | ||
| 035 | _a(Sirsi) u65247 | ||
| 041 | _aeng | ||
| 100 | _aChappell, D. | ||
| 245 | _aHow to use the SFA/92 | ||
| 260 | _c1993 | ||
| 350 | _a0 | ||
| 490 |
_aArchitects` Journal _v197(12) 24 March 1993, 30-32(3) |
||
| 520 | _aAnalyses the clauses and schedules of the three separate types of appointment under the latest Standard Form of Agreement, when a traditional procurement route is followed, when the architect is engaged by the employer in connection with design and build and when the architect is engaged by the contractor in connection with design and build. | ||
| 650 | _aDESIGN AND BUILD | ||
| 650 | _aSTANDARD FORM OF AGREEMENT | ||
| 690 | _aBUILT ENVIRONMENT-BUILDING CONTRACT FORMS | ||
| 942 | _n0 | ||
| 948 | _c04/03/1997 | ||
| 999 |
_c40684 _d40684 |
||